00734nam a22002417a 45000010005000000030006000050050017000110080041000280200018000690400029000870500016001160820011001321000026001432450078001692600038002473000048002855050008003335200057003415210017003985210019004156500036004347000022004706929FISKH20250820100931.0250610b cb ||||| |||| 00| 0 eng d a9780439221559 aFISKHbengcFISKHdFISKH aPZ8.H2595 D a813.54 aHouran, Lori Haskins  aDucks in muck /cby Lori Haskins Houran ; illustrated by Valeria Petrone  aNew York : bScholastic, c2000.  a32 pages : bcolor illustrations ; c23 cm  aaa  aDucks escape from trucks that are stuck in the muck.8 a20 bLexile 8 aaa bRaz-Plus  aBeginning ReadervFarmxFiction aPetrone, Valeria